| 000 | 00541nam a2200193Ia 4500 | ||
|---|---|---|---|
| 005 | 20230607120807.0 | ||
| 008 | 131103s9999 xx 000 0 und d | ||
| 040 | _aLoreto College | ||
| 041 | _aEnglish | ||
| 082 |
_a930 _bMAC |
||
| 100 | _aMcLean,Donald | ||
| 245 |
_aFinding out about the ancient world _b a student's guide _cDonald McLean |
||
| 260 |
_aLondon _bMacmillan & Co. _c1961 |
||
| 300 |
_a174 p. _b ill.,maps |
||
| 504 | _aIncludes bibliographical references | ||
| 650 | _aAncient History | ||
| 850 | _aLCLIB | ||
| 942 | _cBK | ||
| 999 |
_c8582 _d59061 |
||